|
|
|
|
| LEADER |
00881nam a2200337 4500 |
| 001 |
DLU060056088 |
| 005 |
##20061102 |
| 008 |
##000418s2001 mauab b 001 0 eng |
| 010 |
# |
# |
|a 00031864
|
| 020 |
# |
# |
|a 0072317175
|
| 040 |
# |
# |
|a DLC
|c DLC
|
| 042 |
# |
# |
|a pcc
|
| 050 |
# |
# |
|a N5300
|b .A33 2001
|
| 082 |
# |
# |
|a 709
|b AD-L
|
| 100 |
# |
# |
|a Adams, Laurie
|
| 245 |
# |
# |
|a A history of Western art /
|c Laurie Schneider Adams
|
| 250 |
# |
# |
|a 3rd ed.
|
| 260 |
# |
# |
|a Boston, Mass. :
|b McGraw Hill,
|c 2001
|
| 300 |
# |
# |
|a xxi, 557 p. :
|b ill. (some col.), col. maps ;
|c 28 cm
|
| 504 |
# |
# |
|a Includes bibliographical references and index
|
| 650 |
# |
# |
|a Art
|x History
|
| 923 |
# |
# |
|a 25/2006
|
| 992 |
# |
# |
|a 19.400
|
| 994 |
# |
# |
|a DLU
|
| 900 |
# |
# |
|a True
|
| 911 |
# |
# |
|a Đào Thị Thu Huyền
|
| 925 |
# |
# |
|a G
|
| 926 |
# |
# |
|a A
|
| 927 |
# |
# |
|a SH
|
| 980 |
# |
# |
|a Thư viện Trường Đại học Đà Lạt
|